000 00363nam a22001457a 4500
003 MACL
005 20190615163359.0
008 190615b xxu||||| |||| 00| 0 eng d
040 _cMACL
100 _aBhandari,Vishwa Mitter
_975327
245 _aThe Noble Youth
260 _aLudhiana
_bLahore Book Shop
_c2018
650 _aMotivational
_917686
942 _2ddc
_cBK
999 _c60112
_d60112